000 00888nmm a2200277 a 4500
001 ocm000589476
003 TR-IsHL
005 20201028120600.0
008 130627s2003 tu tur
007 cr cn
020 _a9789754110777
035 _a589476
_b(N$T)
050 0 4 _aTK7867
_b.İ18 2003
090 0 4 _aTK7867
_b.İ18 2003
100 1 _aİhtiyar, İsmail
245 1 0 _aEndüstriyel elektronik
_h[electronic resource] /
_cİsmail İhtiyar
250 _a1. bs.
260 _aİstanbul :
_bYüce Yayınları,
_c2003
300 _a300 p.
650 4 _aMühendislik ve Teknoloji
650 4 _aEngineering and Technology
650 0 _aElektronik devreler
650 0 _aElectronic circuits
650 7 _aTECHNOLOGY & ENGINEERING / Electronics / Circuits 
_2bisacsh
856 4 0 _uhttp://search.ebscohost.com/login.aspx?direct=true&scope=site&db=e011xww&AN=589476
999 _c864
_d864